000 00484nam a2200181Ia 4500
001 20068
005 20260306172739.0
008 260306t2003||||xx |||||||||||||| ||spa||
041 _aESP
082 _a342.211
_bM22 V. 4
100 _aInstitutción del Defensor del Pueblo de la Comunidad Foral de Navarra
_eAUT
245 0 _aManual de derechos ciudadanos
260 _c2003
300 _a305 pƔginas :
_c21 cm.
650 _aGEN
654 _aCDE
942 _cLIB
_dJUS
_fJUS
_2ddc
_n
999 _c20068
_d20068